[Event "SVK-ch U14"]
[Site "Dudince"]
[Date "2023.04.17"]
[Round "2"]
[White "Makarov, Erik Kurt"]
[Black "Magda, Filip"]
[Result "1/2-1/2"]
[WhiteElo "1401"]
[BlackElo "1659"]
[PlyCount "84"]
[EventDate "2023.04.16"]
[EventType "swiss"]
[EventRounds "9"]
[EventCountry "SVK"]
[SourceTitle "CBM 213 Extra"]
[Source "ChessBase"]
[SourceDate "2023.05.31"]
[SourceVersion "1"]
[SourceVersionDate "2023.05.31"]
[SourceQuality "1"]

1. d4 Nf6 2. c4 g6 3. Nf3 Bg7 4. Nc3 0-0 5. Bf4 d6 6. e3 c5 7. Be2 Bd7 8. 0-0 Na6 9. Re1 Nc7 10. Qb3 b6 11. Rad1 Ne6 12. Bg5 Nxg5 13. Nxg5 Re8 14. Nge4 Nxe4 15. Nxe4 Qc7 16. Nc3 Bc6 17. Nb5 Bxb5 18. Qxb5 Rac8 19. b3 Qc6 20. Qxc6 Rxc6 21. Bg4 f5 22. Bf3 Rc7 23. dxc5 dxc5 24. Rd3 e5 25. Be2 e4 26. Rd5 Rce7 27. Red1 Kf8 28. Rd7 Rxd7 29. Rxd7 Re7 30. Rxe7 Kxe7 31. f3 exf3 32. gxf3 Ke6 33. f4 h6 34. Kg2 g5 35. Kg3 gxf4+ 36. exf4 Bf6 37. Kf3 Bd4 38. Bd3 Kf6 39. h3 a6 40. Ke2 a5 41. Kd2 Bf2 42. a3 Ke6 1/2-1/2

[Event "SVK-ch U14"]
[Site "Dudince"]
[Date "2023.04.16"]
[Round "1"]
[White "Dolnik, Michal"]
[Black "Makarov, Erik Kurt"]
[Result "0-1"]
[WhiteElo "1548"]
[BlackElo "1401"]
[PlyCount "84"]
[EventDate "2023.04.16"]
[EventType "swiss"]
[EventRounds "9"]
[EventCountry "SVK"]
[SourceTitle "CBM 213 Extra"]
[Source "ChessBase"]
[SourceDate "2023.05.31"]
[SourceVersion "1"]
[SourceVersionDate "2023.05.31"]
[SourceQuality "1"]

1. e4 e5 2. Nf3 Nc6 3. Bc4 Bc5 4. b4 Bxb4 5. c3 Bc5 6. d4 exd4 7. 0-0 Nge7 8. cxd4 Bb6 9. Ng5 d5 10. exd5 Nxd5 11. Qf3 Be6 12. Re1 0-0 13. Qd3 g6 14. Nxe6 Re8 15. Bg5 Qxg5 16. Bxd5 Qxd5 17. Nc3 Qd7 18. Ng5 Rxe1+ 19. Rxe1 Re8 20. Nce4 Kg7 21. Qf3 Qf5 22. Re3 Bxd4 23. g4 Qxf3 24. Rxf3 h6 25. Rxf7+ Kg8 26. Nf6+ Bxf6 27. Rxf6 hxg5 28. Rxg6+ Kh7 29. Rxg5 Rg8 30. Rh5+ Kg6 31. f4 b6 32. f5+ Kf7 33. h3 Ne5 34. Kf2 c5 35. Ke3 b5 36. Ke4 Nd7 37. g5 c4 38. h4 c3 39. Kd3 b4 40. Rh6 a5 41. Rc6 Ne5+ 42. Kc2 Nxc6 0-1